Informe de la gira de verificación sobre los impactos de la soja transgénica en Paraguay/
Bewaard in:
| Formaat: | Boek |
|---|---|
| Taal: | Spanish |
| Tags: |
Voeg label toe
Geen labels, Wees de eerste die dit record labelt!
|
MARC
| LEADER | 00000nam a22000007a 4500 | ||
|---|---|---|---|
| 003 | cru CIDCACS/IIS | ||
| 005 | 20180228140409.0 | ||
| 007 | ta | ||
| 008 | 180228s2009 uy |||p|r||||||0| ||spa|d | ||
| 999 | |c 41073 |d 41073 | ||
| 040 | |c cru CIDCACS/IIS | ||
| 245 | 1 | |a Informe de la gira de verificación sobre los impactos de la soja transgénica en Paraguay/ |c Red por una América Latina Libre de Transgénicos, Alianza Biodiversidad | |
| 300 | |a páginas 3-24: |b tablas, mapas, fotos | ||
| 773 | 0 | |0 41050 |9 1826 |a Red de Ecología Social (Uruguay) |d Uruguay: REDES-AT; GRAIN |o 17968 |t Biodiversidad: |x 07977888X | |
| 942 | |2 ddc |c PP | ||
